Documento del congreso de sociología

שמור ב:
מידע ביבליוגרפי
מחבר תאגידי: Asociación Panameña de Sociología
פורמט: Texto
יצא לאור: Panamá: APSO
תגים: הוספת תג
אין תגיות, היה/י הראשונ/ה לתייג את הרשומה!

MARC

LEADER 00000 a a2200000 04500
001 21468
003
040
090 |a 094704  
110 |a Asociación Panameña de Sociología  
245 |a Documento del congreso de sociología  
260 |a Panamá:   |b APSO  
300 |a 79 p.  
999 |c 16353  |d 16353